Govt. of
Madhya Pradesh

Theory And Praxis (Record no. 14965)

MARC details
000 -LEADER
fixed length control field 005190000a22001930004500
001 - CONTROL NUMBER
control field 003059
003 - CONTROL NUMBER IDENTIFIER
control field MACL
005 - DATE AND TIME OF LATEST TRANSACTION
control field 20150918120720.0
008 - FIXED-LENGTH DATA ELEMENTS--GENERAL INFORMATION
fixed length control field 150918b xxu||||| |||| 00| 0 eng d
040 ## - CATALOGING SOURCE
Original cataloging agency MACL
Transcribing agency MACL
041 ## - LANGUAGE CODE
Language code of text/sound track or separate title English
082 ## - DEWEY DECIMAL CLASSIFICATION NUMBER
Classification number 824/KAR
100 ## - MAIN ENTRY--PERSONAL NAME
Personal name Kar, Prafulla C.
9 (RLIN) 11759
245 ## - TITLE STATEMENT
Title Theory And Praxis
Remainder of title Curriculum, Culture, And English Studies
Statement of responsibility, etc. Prafulla C. Kar
260 ## - PUBLICATION, DISTRIBUTION, ETC. (IMPRINT)
Place of publication, distribution, etc. Delhi
Date of publication, distribution, etc. 2003
Name of publisher, distributor, etc. Pencraft International,
350 ## - PRICE (NR) (BK AM CF MU VM SE) [OBSOLETE]
Price 495
650 ## - SUBJECT ADDED ENTRY--TOPICAL TERM
Topical term or geographic name as entry element English Essay
9 (RLIN) 8946
942 ## - ADDED ENTRY ELEMENTS (KOHA)
Call number prefix 824
Koha item type Books
Source of classification or shelving scheme
Holdings
Withdrawn status Lost status Source of classification or shelving scheme Damaged status Not for loan Home library Current library Date acquired Cost, normal purchase price Total Checkouts Full call number Barcode Date last seen Uniform Resource Identifier Price effective from Koha item type
          MACL MACL 15/04/2015 495.00   824/KAR CRE015501 02/05/2024 14854 15/04/2015 Books